| 000 | 01150cam a22003134a 4500 | ||
|---|---|---|---|
| 001 | 13666995 | ||
| 003 | OSt | ||
| 005 | 20170105095816.0 | ||
| 008 | 040726s2006 maua 000 0 eng | ||
| 010 | _a 2004055992 | ||
| 020 | _a0072978902 (acidfree) | ||
| 040 |
_aDLC _cDLC _dDLC |
||
| 042 | _apcc | ||
| 050 | 0 | 0 |
_aQA76.5 _b.N6818 2006 |
| 082 | 0 | 0 |
_a004 NOR _222 |
| 100 | 1 |
_aNorton, Peter, _d1943- |
|
| 240 | 1 | 0 | _aIntroduction to computers |
| 245 | 1 | 0 | _aIntroduction to computers. |
| 250 | _a7th ed. | ||
| 260 |
_aBoston : _bMcGraw-Hill Technology Education, _cc2006. |
||
| 300 |
_axxviii, 656 p. : _bcol. ill. ; _c28 cm. |
||
| 650 | 0 | _aComputers. | |
| 650 | 0 | _aComputer software. | |
| 856 | 4 | 2 |
_3Contributor biographical information _uhttp://www.loc.gov/catdir/bios/mh051/2004055992.html |
| 856 | 4 | 1 |
_3Table of contents _uhttp://www.loc.gov/catdir/toc/mh051/2004055992.html |
| 906 |
_a7 _bcbc _corignew _d1 _eocip _f20 _gy-gencatlg |
||
| 942 |
_2ddc _cBK |
||
| 999 |
_c45 _d45 |
||